Новый подход к контролю дисков колес железнодорожных вагонов; Дефектоскопия; № 9

التفاصيل البيبلوغرافية
Parent link:Дефектоскопия.— , 1965-
№ 9.— 2002.— С. 90-95
مؤلفون آخرون: Шанаурин А. М., Комлев Д. Г., Кравченко Г. И., Кузьмин С. Ю.
اللغة:الروسية
منشور في: 2002
سلاسل:Общие вопросы дефектоскопии
الموضوعات:
التنسيق: فصل الكتاب
KOHA link:https://koha.lib.tpu.ru/cgi-bin/koha/opac-detail.pl?biblionumber=428351

MARC

LEADER 00000naa2a2200000 4500
001 428351
005 20231101074826.0
035 |a (RuTPU)RU\TPU\prd\87890 
035 |a RU\TPU\prd\9253 
090 |a 428351 
100 |a 20101011a2002 k y0rusy50 ca 
101 0 |a rus 
102 |a RU 
200 1 |a Новый подход к контролю дисков колес железнодорожных вагонов  |f А. М. Шанаурин [и др.] 
225 1 |a Общие вопросы дефектоскопии 
320 |a Библиогр.: 1 назв. 
461 1 |0 (RuTPU)RU\TPU\prd\151  |t Дефектоскопия  |d 1965- 
463 1 |0 (RuTPU)RU\TPU\prd\87882  |t № 9  |v С. 90-95  |d 2002 
610 1 |a диски колес 
610 1 |a железнодорожные вагоны 
610 1 |a контроль 
610 1 |a дефекты 
610 1 |a неметаллические включения 
675 |a 620.179  |v 3 
701 1 |a Шанаурин  |b А. М. 
701 1 |a Комлев  |b Д. Г. 
701 1 |a Кравченко  |b Г. И. 
701 1 |a Кузьмин  |b С. Ю. 
801 1 |a RU  |b 63413507  |c 20021217  |g PSBO 
801 2 |a RU  |b 63413507  |c 20131016  |g PSBO 
942 |c BK